000
00245nmm a2200085Ia 4500
008
220120s9999||||xx |||||||||||||||||und||
100
_a
PCQ
245
0
_a
10 free database management software, 20 free ebook on linux
260
_a
Cyber media Pvt. Ltd.
999
_c
139929
_d
139929